Green Day Albums-Sudden Death - Statistics

General Stats
  • This quiz has been taken 202 times
  • The average score is 8 of 9
Answers on the Grid
Answers color-coded by a green-red scale on the quiz's grid according to % correct below.
Dookie
OK Human
Saviors
Warning
Pinkerton
Kerplunk
Nimrod
Mania
Insomniac
From Under the Cork Tree
Scorpion
American Idiot
Siamese Dream
21st Century Breakdown
The Best Damn Thing
Shenanigans
 
Answer Stats
Answer % Correct
American Idiot
98%
Dookie
97%
21st Century Breakdown
95%
Nimrod
94%
Kerplunk
91%
Warning
87%
Insomniac
86%
Saviors
84%
Shenanigans
72%
No matching quizzes found
Score Distribution
Percent of People with Each Score
Percentile by Number Answered
Your Score History
You have not taken this quiz